The hyphenated family ; an American saga.

Bibliographic Details
Main Author: Hagedorn, Hermann, 1882-1964
Format: Book
Language:English
Published: New York : Macmillan, 1960.
Subjects:

MARC

Tag First Indicator Second Indicator Subfields
LEADER 00000cam a2200000 4500
001 in00000027398
005 20151007061331.0
008 750604s1960 nyu 00000ceng u
010 |a  60010775  
035 |a (OCoLC)01373068 
035 |9 AAD1807AM 
040 |c ORL  |d TXA  |d UtOrBLW 
049 |a TXAM  |c [324994] 
050 0 0 |a PS3515.A23  |b Z52 
082 0 |a 818.52 
092 |a 818  |b H141h 
100 1 |a Hagedorn, Hermann,  |d 1882-1964. 
245 1 4 |a The hyphenated family ;  |b an American saga. 
264 1 |a New York :  |b Macmillan,  |c 1960. 
300 |a 264 pages ;  |c 22 cm. 
336 |a text  |b txt  |2 rdacontent 
337 |a unmediated  |b n  |2 rdamedia 
338 |a volume  |b nc  |2 rdacarrier 
600 3 0 |a Hagedorn family. 
999 |a MARS 
999 f f |s 1a36c863-9067-35b4-84ab-89cf31f0609c  |i 492c59b0-7d96-33bb-a981-a9e731c76be6  |t 0 
952 f f |p ric  |a Texas A&M University  |b Rellis Campus  |c Joint Library Facility  |d Remote Storage  |t 0  |e PS3515.A23 Z52  |h Library of Congress classification  |i unmediated -- volume  |m A14801264345 
998 f f |a PS3515.A23 Z52  |t 0  |l Remote Storage